Obras completas

Saved in:
Bibliografiske detaljer
Hovedforfatter: Luciano de Samósata (autor)
Format: Bog
Sprog:spansk
Udgivet: Madrid Sucesores de Hernando 1889
Serier:Biblioteca Clásica
Fag:
Tags: Tilføj Tag
Ingen Tags, Vær først til at tagge denne postø!

MARC

LEADER 00000nam a2200000 a 4500
001 UCP8998
003 CL-VaPUC
008 000317e18890000SP |||||||||||||||||spa|d
082 0 4 |a 883  |b LUC  |2 21 
100 |a Luciano de Samósata  |e autor  |9 347410 
245 1 0 |a Obras completas 
300 |a 4 v 
942 |c BK 
945 |d 20000317 00:00:00  |a crobeson 
260 |a Madrid  |b Sucesores de Hernando  |c 1889 
650 0 |a Oratoria latina  |9 266621 
650 0 |a Discursos latinos  |9 266716 
650 0 |a Discursos   |9 265028 
583 |a last modification  |c 20000317 00:00:00  |k Rodrigo Vera 
490 0 |a Biblioteca Clásica 
999 |c 285851  |d 285849 
952 |0 0  |1 0  |4 0  |6 883_000000000000000_LUC_1889  |7 0  |8 X  |9 330697  |a BIBHIS  |b BIBHIS  |d 2019-11-20  |h v.1  |i 1397036  |o 883 LUC 1889  |p 1397036  |r 2024-01-30  |w 2019-11-20  |y BK_X  |k HIS 
952 |0 0  |1 0  |4 0  |6 883_000000000000000_LUC_1889  |7 0  |8 X  |9 330698  |a BIBHIS  |b BIBHIS  |d 2019-11-20  |h v.2  |i 1397044  |o 883 LUC 1889  |p 1397044  |r 2024-01-30  |w 2019-11-20  |y BK_X  |k HIS 
952 |0 0  |1 0  |4 0  |6 883_000000000000000_LUC_1889  |7 0  |8 X  |9 330699  |a BIBHIS  |b BIBHIS  |d 2019-11-20  |h v.3  |i 1397052  |o 883 LUC 1889  |p 1397052  |r 2024-01-30  |w 2019-11-20  |y BK_X  |k HIS 
952 |0 0  |1 0  |4 0  |6 883_000000000000000_LUC_1889  |7 0  |8 X  |9 330700  |a BIBHIS  |b BIBHIS  |d 2019-11-20  |h v.4  |i 1397060  |l 1  |o 883 LUC 1889  |p 1397060  |r 2024-01-30  |s 2022-07-04  |w 2019-11-20  |y BK_X  |k HIS